Najpopularniejsze imiona dla dzieci 2020 - Statystyki

Ogólne statystyki
  • Ten quiz został rozwiązany 496 razy
  • Średni wynik to 3 z 10
Statystyki odpowiedzi
Hint Odpowiedź % Poprawnych
5 Maja
54%
1 Maria
46%
2 Stanisław
34%
3 Pola
30%
10 Leon
26%
6 Nikodem
23%
7 Helena
15%
8 Tymon
15%
4 Ignacy
14%
9 Nela
10%
Nie znaleziono quizów pasujących do podanych kryteriów
Rozkład punktacji
Procent ludzi z każdym wynikiem
Percentyl według liczby udzielonych odpowiedzi
Twoja historia wyników
Nie rozwiązałeś tego quizu